000 00963nam0a22002531 4500
001 rc\577742
005 20260407094817.0
035 _a(NLR Aleph) 005825625
090 _a5525951
_c5525951
100 _a20031121d1988 |||y0rusy50 ca
101 0 _arus
102 _aRU
105 _aa |||||||||
200 1 _aФизические свойства углеродных материалов
_e[Сб. ст.]
_fЧеляб. гос. пед. ин-т
_g[Редкол.: С.В. Шулепов (отв. ред.) и др.]
210 _aЧелябинск
_cЧГПИ
_d1988
215 _a65, [1] с.
_cил.
_d20
320 _aБиблиогр. в конце ст.
702 1 _aШулепов
_bС.В.
_gСергей Васильевич
_4340
712 0 2 _aЧелябинский педагогический институт
_3RU\NLR\AUTH\889921270
_9338656
801 0 _aRU
_bNLR
_gpsbo
801 1 _aRU
_bELAR
_2rusmarc
852 _aNLR
_j88-4/24736
942 _cBOOK
980 _aNB